| 000 | 01400nam a2200229Ia 4500 | ||
|---|---|---|---|
| 003 | Ost | ||
| 005 | 20260416102400.0 | ||
| 008 | 260416s9999||||xx |||||||||||||| ||und|| | ||
| 040 | _cfsecg | ||
| 041 | _aara | ||
| 082 | _a658.3 | ||
| 100 |
_aشمامي، رفيقة _eمؤلف |
||
| 245 | 0 |
_aإدارة الموارد البشرية : _bمحاضرات موجهة لطلبة السنة الثالثة ليسانس، تخصص إدارة اعمال / _c رفيقة شمامي |
|
| 260 |
_aالجزائر _bجامعة الجزائر3: كلية العلوم الإقتصادية، العلوم التجارية وعلوم التسيير _c2023 |
||
| 300 |
_a122 ورقة _bايضاحات _c12 سم |
||
| 504 | _aالمراجع ص.114 | ||
| 520 | _aتخطيط الموارد البشرية،إدارة المكافآت في تسيير الموارد البشرية،علاقات العمل في تسيير الموارد البشرية،تسيير الصحة والأمن في العمل،تقييم تسيير الموارد البشرية،تسيير الصراعات،الجانب القضائي في تسيير الموارد البشرية. | ||
| 653 | _aادارة الافراد | ||
| 653 | _aالموظفون | ||
| 710 |
_aجامعة الجزائر3: كلية العلوم الإقتصادية، العلوم التجارية وعلوم التسيير _eناشر علمي |
||
| 942 | _cHANDOUT | ||
| 999 |
_c41404 _d41404 |
||